| 000 | 00893nam a22002297a 4500 | ||
|---|---|---|---|
| 999 |
_c63723 _d63723 |
||
| 005 | 20240530110655.0 | ||
| 008 | 171219s2016 ua g b 000 p ara d | ||
| 017 |
_a2015/21329 _bمصر. دار الكتب |
||
| 020 | _a9789770530191 | ||
| 040 |
_aEG-CaGPL _cEG-CaGPL |
||
| 082 | 0 | 4 |
_221 _a811.1 / _bم ش |
| 100 | 0 | _aمى يوسف خليف | |
| 245 | 1 | 2 |
_aالشعر الجاهلى بين النص والقص/ _cتاليف مى يوسف خليف |
| 260 |
_aالقاهرة : _bمكتبة الانجلو المصرية ، _c2016. |
||
| 300 |
_a216 ص. ؛ _c24 سم. |
||
| 504 | _aيشتمل على ارجاعات ببليوجرافية | ||
| 650 | 0 | 7 |
_2qrmak _aالشعر العربى _xتاريخ ونقد |
| 650 | 0 | 7 |
_2qrmak _aالشعر العربى _xتاريخ ونقد _yالعصر الجاهلى |
| 651 | _2qrmak | ||
| 942 |
_2ddc _cBK |
||